Statistics for World Cup 2018 - Teams gaining most FIFA ranking points

Click here to take the quiz!

General Stats

  • This quiz has been taken 83 times
    (81 since last reset)
  • The average score is 9 of 10

Answer Stats

PointsTeamMatch with most points% Correct
1977.09FranceSF win against 3rd ranked Belgium
99%
1553.29CroatiaGroup stage win against 5th ranked Argentina
97%
1018.93EnglandQF win against 24th ranked Sweden
96%
1706.07BelgiumQF win against 2nd ranked Brazil
91%
1079.42RussiaGroup stage win against 45th ranked Egypt
89%
1185.17SwedenR16 win against 6th ranked Switzerland
88%
1240.26ColombiaGroup stage win against 8th ranked Poland
84%
1354.47BrazilR16 win against 15th ranked Mexico
82%
1417.85UruguayR16 win against 4th ranked Portugal
75%
1084.32DenmarkGroup stage win against 11th ranked Peru
72%

Score Distribution

Percentile by Number Answered

Percent of People with Each Score

Your Score History

You have not taken this quiz since the last reset